LEADER 01018nam2 2200277 450 001 000027679 005 20100426101459.0 100 $a20100426d1997----km-y0itaa50------ba 101 0 $aita 102 $aIT 200 1 $aAddenda al vocabolario della lingua italiana 210 $aRoma$cIstituto della Enciclopedia Italiana$d1997 215 $a95 p.$d29 cm. 461 1$1001000027675$12001$aVocabolario della lingua italiana 606 1 $aLingua italiana$xDizionari 676 $a453.1$v(21. ed.)$9Lingua italiana. Dizionari specializzati 801 0$aIT$bUniversità della Basilicata - B.I.A.$gRICA$2unimarc 912 $a000027679 996 $aAddenda al vocabolario della lingua italiana$994765 997 $aUNIBAS BAS $aLETTERE CAT $aMDL$b30$c20100426$lBAS01$h1014 CAT $aBATCH$b00$c20180801$lBAS01$h1239 FMT Z30 -1$lBAS01$LBAS01$mBOOK$1BASA1$APolo Storico-Umanistico$2GEN$BCollezione generale$3SL/100289$6100289$5L100289$820100603$f98$FConsultazione all $aall $n0008805